Las pasiones y los intereses: argumentos políticos en favor del capitalismo previos a su triunfo
Kaydedildi:
| Yazar: | |
|---|---|
| Materyal Türü: | Kitap |
| Dil: | İspanyolca |
| Baskı/Yayın Bilgisi: |
Barcelona
Península
1999
|
| Seri Bilgileri: | Historia, Ciencia, Sociedad, 279
|
| Konular: | |
| Etiketler: |
Etiketle
Etiket eklenmemiş, İlk siz ekleyin!
|
MARC
| LEADER | 00000nam a2200000 a 4500 | ||
|---|---|---|---|
| 001 | UCO8726 | ||
| 003 | CL-VaPUC | ||
| 008 | 001221e19990000SP |||||||||||||||||spa|d | ||
| 082 | 0 | 4 | |a 330.122 |b HIR |2 21 |
| 100 | |a Hirschman, Albert O |e author |9 453569 | ||
| 245 | 1 | 4 | |a Las pasiones y los intereses: argumentos políticos en favor del capitalismo previos a su triunfo |
| 300 | |a 175 p | ||
| 942 | |c BK | ||
| 945 | |d 20001221 00:00:00 |a vberengu | ||
| 260 | |a Barcelona |b Península |c 1999 | ||
| 650 | 0 | |a Capitalismo |9 255255 | |
| 650 | 0 | |a Ciencias Políticas |9 255201 | |
| 650 | 0 | |a Doctrinas políticas |9 255835 | |
| 650 | 7 | |a SISTEMAS CAPITALISTAS |2 CL-VaPUC |9 341240 | |
| 650 | 0 | |a Vida intelectual |9 265379 | |
| 583 | |a last modification |c 20001221 00:00:00 |k Rodrigo Vera | ||
| 490 | 0 | |a Historia, Ciencia, Sociedad, 279 | |
| 999 | |c 293195 |d 293193 | ||
| 952 | |0 0 |1 0 |4 0 |6 330_122000000000000_HIR_1999 |7 0 |8 A |9 344534 |a BIBDER |b BIBDER |d 2019-11-20 |i 3662780 |o 330.122 HIR 1999 |p 3662780 |r 2023-01-25 |w 2019-11-20 |y BK |k DER | ||